000 00933 a2200241 4500
008 080821t xxu||||| |||| 00| 0 eng d
010 _aENG-84996
020 _a8188689335
_c450.00
035 _aEN-68529
037 _bD.B.Act / Pub
082 _a620.00151535
100 _aSamuelsson, Alf
245 _aFinite element method
_bbasics
_cAlf Samuelsson and Nils-Erik Wiberg
260 _aNew Delhi
_bOverseas Press
_c2006
300 _axv, 430 p.
_bill. ;
_c22 cm. (Pbk)
500 _aIncludes bibliographical references and index
650 _aStructural analysis (Engineering)
650 _aContinuum mechanics.
650 _aFinite element method.
700 _aWiberg, Nils-Erik
942 _adpl
_cEN
_k620.00151535 / SAM
_2ddc
_h620.00151535
_mSAM
999 _c849
_d849